01399nam a2200421 i 450000100060000000300090000600500170001500800390003201500170007103500210008804000410010904100080015004600090015808000140016708000090018110000290019024501210021926000510034030000210039133600270041233700540043933800280049338000160052138000270053738500390056438800140060338800140061765000140063165000260064565500420067165800110071365800280072471000360075285600980078894200120088699900170089895200620091511272KOSZ 00520201214125812.0081022s1950 pl f f |000 0 pol aPB 1950/2898 a(OCoLC)316600770 aWA NcWA NdKOSZ 005/EGdKOSZ 005/HR apol k1950 a66.01/.09 a(07)1 aPrużan, MichałeAutor10aTechnologia środków kosmetycznych :bnowoczesna aparatura, surowce, przepisy, ustawodawstwo /cMichał Prużan. aŁódź :bPolska Agencja Wydawnicza,c1950. a352 s. ;c22 cm. 2rdacontentaTekstbtxt 2rdamediaaBez urządzenia pośredniczącegobn 2rdacarrieraWoluminbnc aKsiążki aPublikacje dydaktyczne mPoziom nauczaniaaSzkoły zawodowe a1901-2000 a1945-1989 4aKosmetyki 4aTechnologia chemiczna 4aPodręczniki dla szkół zawodowych aChemia aInżynieria i technika2 aPolska Agencja Wydawnicza4pbl. uhttp://koha.tu.koszalin.pl/cgi-bin/koha/opac-detail.pl?biblionumber=11272yKatalog online BPK 2UKDcKS c11272d11272 00104071aBPKbBPKcco2760p01300918t66.01/.09 IcyKS